00373nam a2200145Ia 4500003000400000008004100004020001500045040001600060082001500076245002600091260004900117300002100166650001600187650002400203GCL140319s9999 xx 000 0 eng d a1861470169 aGCL / cGCL04a745.1bA A10aTHE ANTIQUES HANDBOOK aانجلترا : bABBEYDALE PRESS ، c1999 a21 CM ؛ c256 P04aANTIQUITIES04aANTIQUES - HANDBOOK